Where Are They From - Country #3 - Statistics

General Stats
  • This quiz has been taken 99 times
  • The average score is 9 of 12
Answer Stats
Hint Answer % Correct
Rafael Nadal, Iker Casillas, Penelope Cruz, Francisco Franco Spain
95%
Steve Irwin, Hugh Jackman, Kylie Minogue, Robert Menzies Australia
89%
Desi Arnaz, Fidel Castro, Ana de Armas, Gloria Estefan Cuba
89%
Frédéric Chopin, Marie Curie, Robert Lewandowski, Nicolaus Copernicus Poland
89%
Jean-Claude Van Damme, Romelu Lukaku, Eddy Merckx, Justine Henin Belgium
83%
Pierce Brosnan, Niall Horan, Colin Farrell, Maureen O'Hara Ireland
77%
Alexis Sanchez, Bernardo O'Higgins, Pedro Pascal, Carlos Sotomayor Chile
76%
Simón Bolívar, Miguel Cabrera, Hugo Chavez, Patricia Velasquez Venezuela
76%
Eliud Kipchoge, Richard Leakey, Barack Obama Sr, Faith Kipyegon Kenya
71%
Imran Khan, Muhammad Ali Jinnah, Kumail Nanjiani, Malala Yousafzai Pakistan
70%
Bhumibol Adulyadej, Rama I, Alex Albon, Lalisa Manobal Thailand
43%
Sheikh Mujibur Rahman, Sheikh Hasina, Tamim Iqbal, Muhammad Yunus Bangladesh
26%
No matching quizzes found
Score Distribution
Percent of People with Each Score
Percentile by Number Answered
Your Score History
You have not taken this quiz